=LDR 00000nam 2200000 4500 =001 INLIS000000000026801 =005 20240213013728 =035 ##$$a 0010-061300000026801 =008 240213###########################0#ind## =041 ##$$a ind =082 ##$$a 371.1 =090 ##$$a 371.1, ALI g =100 ##$$a Ali, Muhammad =245 1#$$a Guru dalam proses belajar mengajar /$c Muhammad Ali =260 ##$$a 2004 :$b Sinar Baru Algesindo,$c Bandung =300 ##$$a viii, 123 hlm., 24 cm =650 #4$$a Pengajar dan Mengajar =850 ##$$a NBPNMAT =084 ##$$a 371.1 ALI g =250 ##$$a Cet. 12 =990 ##$$a 20708431 =990 ##$$a 0001/BPAP-NTB/20142014 =990 ##$$a 0001/BPAP-NTB/20142014